Estadísticas para Prueba de Honduras

Haz click aquí para intentar la prueba.

Estadísticas generales

  • Esta prueba ha sido intentada 609 veces
  • La puntuación promedio es 12 de 20

Estadísticas de respuestas

PistaRespuesta% Correcto
Idioma oficialEspañol
96%
Países limítrofesGuatemala
93%
Honduras toca este marMar Caribe
93%
Países limítrofesNicaragua
93%
Países limítrofesEl Salvador
92%
Capital de HondurasTegucigalpa
92%
Ave nacional (Pista: un color)Guacamayo {rojo}
83%
La civilización que construyó la ciudad de Copán, cuyas ruinas son un Sitio del Patrimonio de la Humanidad de la UNESCOMaya
74%
El primer europeo en llegar a HondurasCristobal Colón
73%
Término para un país inestable y corrupto explotado por las
empresas frutícolas (originalmente acuñado para describir a Honduras)
República {bananera}
54%
Desafortunado antiguo apodo para esa ciudadLa capital mundial del {asesinatos}
53%
La guerra corta se libró en 1969 contra el país limítrofe #1Guerra del {Fútbol}
42%
Los tres tipos de monos que se pueden encontrar en Honduras (nombra cualquiera)Araña | Aulladores |
Capuchino
39%
Los golfos oceánicos que bordea HondurasGolfo de {Honduras}
37%
La segunda ciudad más pobladaSan Pedro Sula
37%
La moneda de Honduras, llamada así por un guerrero mesoamericanoLempira
32%
¿Qué cae supuestamente del cielo sobre la ciudad de Yoro anualmente?Peces
30%
Parte de Honduras se encuentra a lo largo de esta desagradable "costa" históricaCosta de {Mosquitos}
29%
Un sinónimo más común de la palabra "Honduras"Profundidades
27%
Los golfos oceánicos que bordea HondurasGolfo de {Fonseca}
25%

Distribución de puntuación

Porcentaje por número respondido

Porcentaje de gente con cada puntuación

Historial de tus puntuaciones

No has intentado esta prueba.